Movies Quiz

Random Movies Quiz

Movie by DVD Menu Quiz Stats

 Plays Quiz Updated Sep 27, 2012

Challenge
Share
Tweet
Score 0/20 Timer 05:00
6 Plays Today
Movie % Correct
The Avengers
91.5%
The Little Mermaid
86.9%
V for Vendetta
76.8%
Little Miss Sunshine
75.3%
Mean Girls
74.8%
The Godfather
69.6%
Goodfellas
65.2%
Monty Python and the Holy Grail
65.2%
Fantasia
62.2%
Tangled
57.3%
Movie % Correct
The Lion King
57.2%
Fargo
55.7%
The Princess Bride
52.1%
The Big Lebowski
43.1%
Forrest Gump
39.9%
Memento
21.4%
Blade Runner
17.7%
WALL·E
17%
Being John Malkovich
14.2%
Bottle Rocket
4.9%

You're not logged in!

Compare scores with friends on all Sporcle quizzes.
OR
Log In

You Might Also Like...

Show Comments

Extras

Top Quizzes Today


Score Distribution

Your Account Isn't Verified!

In order to create a playlist on Sporcle, you need to verify the email address you used during registration. Go to your Sporcle Settings to finish the process.

Report this User

Report this user for behavior that violates our Community Guidelines.

Details: